Communes de l'Ille-et-Vilaine (35) de plus de 10000 habitants - Statistiques

Statistiques générales
  • Ce quiz a été pris 87 fois
  • Le résultat moyen est 8 sur 13
Statistiques - réponses
Habitants Commune % Correct
227830 (préfecture) Rennes
100%
47255 Saint-Malo
94%
20602 Fougères
88%
18892 Vitré
78%
10407 Dinard
76%
18076 Cesson-Sévigné
75%
19667 Bruz
69%
13593 Saint-Jacques-de-la-Lande
47%
11815 Pacé
45%
10252 Saint-Grégoire
43%
12775 Betton
41%
10378 Chantepie
39%
10688 Châteaugiron
37%
Aucun quiz correspondant
Distribution des résultats
% des personnes avec chaque résultat
Percentile par nombre de réponses
Votre historique - résultats
Vous n’avez pas pris ce quiz